000 00856nam a22002417a 4500
999 _c638
_d638
005 20190904162658.0
008 190904b ||||| |||| 00| 0 eng d
020 _a9781780622286
040 _cKH8
082 _aFIC BAR
100 _aBardugo, Leigh
245 _aSix of crows /
_cLeigh Bardugo
246 _a6 of crows
260 _aLondon :
_bIndigo,
_c2016. ©2015.
300 _a495 pages :
_billustrations, map ;
_c20 cm.
440 _aSix of crows duology
500 _aOriginally published: London: Indigo, 2015.
520 _aSix dangerous outcasts. One impossible heist. Kaz's crew is the only thing that might stand between the world and destruction--if they don't kill each other first.
650 _aBrigands and robbers
_vJuvenile fiction.
650 _aYoung adult fiction.
650 _aBrigands and robbers.
942 _2ddc
_cFIC